000 01180nam a2200253 a 4500
001 74304
003 BD-RjUL
005 20211209082532.0
008 180628s2016 bg a|||| |||| 00| 0 ben d
020 _a9789849095873
_cTk.500.00
035 _a(BD-RjUL)74522
040 _aBD-RjUL
_beng
_cBD-RjUL
041 _aben
082 _223
_a891.441409
_bBAR 2016
100 _aবড়ুয়া, শিমুল
_9221569
245 _aরবীন্দ্রজীবনে ও সাহিত্যে চট্টগ্রাম /
_cশিমুল বড়ূয়া
260 _aচট্টগ্রাম :
_bঅমিতাভ প্রকাশন ,
_c২০১৬
300 _a264 p. :
_bill ;
_c22 cm.
600 _aঠাকুর, রবীন্দ্রনাথ
_xসমালোচনা এবং ব্যাখ্যা।
_y১৮৬১-১৯৪১
_9221575
600 _aTagore, Rabindranath,
_x Criticism and interpretation.
_y1861-1941
_9221576
650 _aবাংলাসাহিত্য
_xসমালোচনা এবং ব্যাখ্যা।
_9221571
650 _aBengali Literature
_vHistory and Criticsm
_9221572
942 _2ddc
_cBK
999 _c74304
_d74304